000 00280cam a22000977a 4500
008 180718b1965 xxu||||| |||| 00| 0 eng d
082 _aK63x42 Un3r
245 _aReport of the standing security commission
260 _aLondon
_bHer Majesty's Stationery Office
_c1965
300 _a51+p.
999 _c500126
_d500126